| 000 | 02002ncm0a22003731 4500 | ||
|---|---|---|---|
| 001 | RU\NLR\ONIZ\213051 | ||
| 005 | 20250624205200.0 | ||
| 013 | _a979-0-66004-601-2 | ||
| 035 | _aRU\NLR\ONIZ\lanatalya\5000003880\20151116171140 | ||
| 035 | _a(NLR Aleph) 010985844 | ||
| 071 | 2 | 0 | _aс 4601 к |
| 090 |
_a10901186 _c10901186 |
||
| 100 | _a20140403d2007 |||y0rusy50 ca | ||
| 101 | 0 | _arus | |
| 102 | _aRU | ||
| 125 | _axx | ||
| 200 | 1 |
_aБлокфлейта _bНоты _eшкола для начинающих _fА. Кискачи _h[Вып. 1] _iТетрадь с нотами и раскрасками |
|
| 210 |
_aСанкт-Петербург _cКомпозитор - Санкт-Петербург _d2007 |
||
| 215 |
_a43 с. _d30 см |
||
| 300 | _aК тетр. прил. клавир с коммент. | ||
| 300 | _aПортр., биогр. справка: с. 4 обл. | ||
| 313 | _aСистематизация документа проведена по изданию - Методика классифицирования музыкальных произведений (нотных изданий) по таблицам Библиотечно-библиографических классификаций : метод. рекомендации / Гос. б-ка СССР им. В.И. Ленина.- М., 1977. Индексу ББК методических рекомендаций присваивается код ББК для научных библиотек - LBC/SL | ||
| 606 | 1 |
_aШкола игры на блокфлейте _jНоты _2nlr_sh |
|
| 686 |
_aЩ957.229.1(2Р=Рус) _vLBC/SL _2rubbk |
||
| 700 | 1 |
_9z03790 _aКискачи _bА. Ю. _gАлександр Юрьевич _4590 _4wfl |
|
| 790 | 1 |
_9z03700 _aKiskachi _bA. _gAlexander _4590 _4wfl |
|
| 801 | 0 |
_aRU _bNLR _c20140403 _gPSBO |
|
| 801 | 1 |
_aRU _bNLR _c20140403 _2rusmarc |
|
| 801 | 2 |
_aRU _bNLR _c20160427 |
|
| 852 |
_aNLR _bМ _jК-3/27671(1) _p257672 _t1 |
||
| 942 | _cSCORE | ||
| 980 | _aNB | ||
| 980 | _aONIZ | ||